Delfská anketa Japonská prognóza technických inovací

Prevratné zmeny v technike očakávané japonskými expertmi v tzv. Delfskej ankete, v ktorej sa skúmali šance 1149 inovácií (anketu organizuje od začiatku sedemdesiatych rokov každých 5 rokov National Institute of Science an Policy). Vysoká kvalita predpovedí japonských expertov a čo z toho vyplýva pre...

Descripción completa

Guardado en:
Detalles Bibliográficos
Autor principal: Canibol, H.
Formato: Capítulo de libro
Lenguaje:checo
Materias:
Etiquetas: Agregar Etiqueta
Sin Etiquetas, Sea el primero en etiquetar este registro!

MARC

LEADER 00000naa a2200000 4500
001 r000518
005 20221213082402.9
041 0 |a cze 
044 |a CZ 
245 1 0 |a Delfská anketa  |b Japonská prognóza technických inovací  |c H. Canibol 
520 |a Prevratné zmeny v technike očakávané japonskými expertmi v tzv. Delfskej ankete, v ktorej sa skúmali šance 1149 inovácií (anketu organizuje od začiatku sedemdesiatych rokov každých 5 rokov National Institute of Science an Policy). Vysoká kvalita predpovedí japonských expertov a čo z toho vyplýva pre budúcnosť nemeckého rozvoja hlavne v rozvoji techniky ochrany živorného prostredia, informačnej technike, chémii, farmácii a génovom inžinierstve. Prehľad najdôležitejších inovácií v r.2003-2020 a rok ich realizácie. (WirtschaftsWoche 1993, č.6, s.72-77.). 
610 2 0 |a rozvoj technický 
610 2 0 |a prognózy 
610 2 0 |a inovácia 
610 2 0 |a metóda Delfy 
610 2 0 |a Nemecko 
610 2 0 |a Japonsko 
610 2 0 |a porovnanie medzinárodné 
610 2 0 |a 2003-2020 
100 1 |a Canibol, H.